Can you guess the World Cup winners - Statistics

General Stats
  • This quiz has been taken 132 times
    93 since last reset
  • The average score is 19 of 21
Answer Stats
Hint Answer % Correct
Mario Kempes scored 6 goals on the way to winning their first World Cup Argentina
98%
Famous "Hand of God" goal scored by this team Argentina
98%
Zinedine Zidane's 1st World Cup ended in success France
96%
Beat Teams including Belgium, Argentina & Uruguay France
96%
Victorious in final due to Brehme penalty Germany
96%
Hammered Brazil 7-1 in semi-finals Germany
96%
Big name to miss out on World Cup 2018 Italy
96%
Pizza is famous in this country Italy
96%
Had player complete 2 year match fixing ban to score in final Italy
96%
Won on penalties with Andrea Pirlo getting winning penalty Italy
96%
Diego Godin is from here Uruguay
93%
South American nation Uruguay
93%
Hammered Sweden in the final Brazil
91%
Had Garrincha in their team Brazil
91%
Scored famous team goal in final Brazil
91%
Drew 0-0 in final Brazil
91%
First World Cup held in Asia Brazil
91%
Won 1st world cup with dramatic extra-time winner Spain
89%
Captained by legendary Bobby Moore England
85%
Invented metal removable studs West Germany
49%
Beat team including Johann Cruyff West Germany
49%
No matching quizzes found
Score Distribution
Percent of People with Each Score
Percentile by Number Answered
Your Score History
You have not taken this quiz since the last reset